Catalog

Record Details

Catalog Search



Does the Bible really work?  Cover Image Book Book

Does the Bible really work? / David Allan Hubbard

Hubbard, David A. (Author).

Record details

  • Physical Description: 75 p.
  • Publisher: Waco, Texas Word Books Publisher 1971

Available copies

  • 1 of 1 copy available at Common Catalog SPOK.

Holds

  • 0 current holds with 1 total copy.
Show Only Available Copies
Location Call Number / Copy Notes Barcode Shelving Location Status Due Date
ETS Library 220.1 424470000739 Volný výběr Available -

LDR 00581nam a2 00217
00133821
003CZ-PrJAB
00520030205000000.0
008030129s1971 xxu e |||| |eng
009us
035 . ‡a(CONS)2133
035 . ‡aKPS23
041 . ‡aeng
08214. ‡a220.1
100 . ‡7748 ‡aHubbard, David A.
245 . ‡aDoes the Bible really work? / ‡cDavid Allan Hubbard
260 . ‡aWaco, Texas ‡bWord Books Publisher ‡c1971
300 . ‡a75 p.
653 . ‡aDoes the Bible really work?
8524 . ‡bETS ‡bETS ‡cVolný výběr ‡j220.1 ‡gA ‡p424470000739
910 . ‡aABG450
999 . ‡a2133 ‡bAUTOGEN ‡c2133 ‡tbiblio
905 . ‡uadmin
901 . ‡a33821 ‡b ‡c33821 ‡tbiblio ‡sets

Additional Resources